Addicted to God : (Record no. 2804)

MARC details
000 -LEADER
fixed length control field 00925cam a2200253 a 4500
001 - CONTROL NUMBER
control field 11786139
003 - CONTROL NUMBER IDENTIFIER
control field GBCCL
005 - DATE AND TIME OF LATEST TRANSACTION
control field 20241126110440.0
008 - FIXED-LENGTH DATA ELEMENTS--GENERAL INFORMATION
fixed length control field 990909s1999 cau b 000 0 eng
010 ## -
-- 99047583
020 ## - INTERNATIONAL STANDARD BOOK NUMBER
International Standard Book Number 0830725318 (pbk.)
040 ## - CATALOGING SOURCE
Original cataloging agency DLC
Transcribing agency DLC
Modifying agency DLC
050 00 -
-- BV4811
-- .B835 1999
082 00 - DEWEY DECIMAL CLASSIFICATION NUMBER
Classification number 242.2
Edition information 21
Item number BUR
100 1# - MAIN ENTRY--PERSONAL NAME
Personal name Burns, Jim,
Dates associated with a name 1953-
9 (RLIN) 5476
245 10 - TITLE STATEMENT
Title Addicted to God :
Remainder of title 50 days to a more powerful relationship with God /
Statement of responsibility, etc. Jim Burns.
260 ## - PUBLICATION, DISTRIBUTION, ETC.
Place of publication, distribution, etc. Ventura, Calif. :
Name of publisher, distributor, etc. Regal Books,
Date of publication, distribution, etc. c1999.
300 ## - PHYSICAL DESCRIPTION
Extent 144 p. ;
Dimensions 22 cm.
504 ## - BIBLIOGRAPHY, ETC. NOTE
Bibliography, etc. note Includes bibliographical references.
650 #0 - SUBJECT ADDED ENTRY--TOPICAL TERM
Topical term or geographic name entry element Devotional calendars.
9 (RLIN) 1878
906 ## - LOCAL DATA ELEMENT F, LDF (RLIN)
a 7
b cbc
c orignew
d 1
e ocip
f 19
g y-gencatlg
942 ## - ADDED ENTRY ELEMENTS (KOHA)
Source of classification or shelving scheme Dewey Decimal Classification
Koha item type Books
Koha issues (borrowed), all copies 28
Holdings
Withdrawn status Lost status Source of classification or shelving scheme Damaged status Not for loan Home library Current Library Shelving location Date acquired Total checkouts Full call number Barcode Date last seen Date last checked out Copy number Price effective from Koha item type
    Dewey Decimal Classification     GRACE BIBLE COLLEGE GRACE BIBLE COLLEGE Ministry & Mission 2017-09-21 3 242.2 BUR 011152 2025-05-01 2024-08-19 c.5 2017-09-21 Books
    Dewey Decimal Classification     GRACE BIBLE COLLEGE GRACE BIBLE COLLEGE Ministry & Mission 2017-10-10 6 242.2 BUR 011148 2025-05-01 2024-09-17 c.1 2017-10-10 Books
    Dewey Decimal Classification     GRACE BIBLE COLLEGE GRACE BIBLE COLLEGE Ministry & Mission 2017-10-10 1 242.2 BUR 011150 2025-05-01 2018-04-13 c.3 2017-10-10 Books
    Dewey Decimal Classification     GRACE BIBLE COLLEGE GRACE BIBLE COLLEGE Ministry & Mission 2017-10-10 6 242.2 BUR 011151 2025-05-01 2024-08-16 c.4 2017-10-10 Books
    Dewey Decimal Classification     GRACE BIBLE COLLEGE GRACE BIBLE COLLEGE Ministry & Mission 2017-10-10 3 242.2 BUR 011153 2025-05-01 2019-04-04 c.6 2017-10-10 Books
    Dewey Decimal Classification     GRACE BIBLE COLLEGE GRACE BIBLE COLLEGE Ministry & Mission 2017-10-10 4 242.2 BUR 011154 2025-05-01 2024-08-06 c.7 2017-10-10 Books
    Dewey Decimal Classification     GRACE BIBLE COLLEGE GRACE BIBLE COLLEGE Ministry & Mission 2017-10-10 5 242.2 BUR 011149 2025-05-01 2024-08-06 c.2 2017-10-10 Books
© Grace Bible College Library 2025